Statistiques concernant Classement de la Ligue 2 2022-2023

Cliquez ici pour prendre le quiz!

Statistiques générales

  • Ce quiz a été pris 42 fois
  • Le résultat moyen est 11 sur 20

Statistiques - réponses

#PointsJVNDClubDB% Correct
1753820153Le Havre+27
100%
2723820126Metz+28
97%
369372098Bordeaux+24
90%
4603817912Bastia+7
64%
174337101314Rodez-6
62%
164538101215Annecy-12
59%
184238101216Dijon-5
59%
55938161111Caen+9
56%
85338151112ST-Etienne+6
56%
14463814420Laval-12
51%
19363810622Nimes-18
51%
134738121115Pau-12
51%
154538101513Valenciennes-7
51%
2029387823Niort-32
44%
9523815716Sochaux+13
44%
75538151013Paris FC+2
41%
115038121412Quevilly-2
38%
12473813817Amiens-12
33%
10513814915Grenoble-3
33%
65538151013Guingamp+5
31%

Distribution des résultats

Percentile par nombre de réponses

% des personnes avec chaque résultat

Votre développement - résultats

Vous n’avez pas pris ce quiz